[Event "SLO-chT 31st"]
[Site "Ljubljana"]
[Date "2021.09.19"]
[Round "6.2"]
[White "Beletic, Daniel"]
[Black "Rici, Jurij"]
[Result "1-0"]
[WhiteElo "2328"]
[BlackElo "1856"]
[PlyCount "81"]
[EventDate "2021.09.10"]
[EventType "team-tourn"]
[EventRounds "9"]
[EventCountry "SLO"]
[SourceTitle "CBM 204 Extra"]
[Source "ChessBase"]
[SourceDate "2021.11.30"]
[SourceVersion "1"]
[SourceVersionDate "2021.11.30"]
[SourceQuality "1"]
[WhiteTeam "Posocje"]
[BlackTeam "Kranj Stari Mayr"]
[WhiteTeamCountry "SLO"]
[BlackTeamCountry "SLO"]

1. d4 d5 2. c4 e6 3. Nc3 Nf6 4. cxd5 exd5 5. Bg5 Be7 6. e3 c6 7. Bd3 h6 8. Bh4 0-0 9. Qc2 Nbd7 10. Nge2 Re8 11. 0-0 Nh5 12. Bxe7 Qxe7 13. Rfe1 Nhf6 14. Ng3 Nf8 15. f3 Qd6 16. Qf2 Bd7 17. h3 Ne6 18. Nf5 Qb8 19. Rad1 Ng5 20. Kh1 Bxf5 21. Bxf5 Ne6 22. Ne2 g6 23. Bc2 Kg7 24. e4 Ng8 25. e5 Qd8 26. f4 f5 27. g4 Ne7 28. Rg1 Kh7 29. Rg2 Rg8 30. Rdg1 Qf8 31. Qh4 Re8 32. Qf6 Ng7 33. Ng3 fxg4 34. hxg4 Rd8 35. Rh2 Ne8 36. Qg5 Rd7 37. Kg2 Rh8 38. Rgh1 Kg7 39. Rxh6 Rxh6 40. Rxh6 Qf7 41. Bxg6 1-0

[Event "SLO-chT1 West 29th"]
[Site "Slovenia"]
[Date "2019.09.28"]
[Round "5.4"]
[White "Rici, Jurij"]
[Black "Bajo, Tin"]
[Result "0-1"]
[WhiteElo "1873"]
[BlackElo "1949"]
[PlyCount "48"]
[EventDate "2019.09.20"]
[EventType "team-tourn"]
[EventRounds "9"]
[EventCountry "SLO"]
[SourceTitle "CBM 192 Extra"]
[Source "Chessbase"]
[SourceDate "2019.11.06"]
[SourceVersion "1"]
[SourceVersionDate "2019.11.06"]
[SourceQuality "1"]
[WhiteTeam "Kranj Stari Mayr"]
[BlackTeam "Kocevje"]
[WhiteTeamCountry "SLO"]
[BlackTeamCountry "SLO"]

1. d4 d5 2. Nf3 Nf6 3. e3 c5 4. b3 cxd4 5. Nxd4 e5 6. Nf3 Nc6 7. Bb2 Bg4 8. Be2 Bd6 9. h3 Bxf3 10. Bxf3 e4 11. Be2 0-0 12. 0-0 Be5 13. Bxe5 Nxe5 14. Nd2 Re8 15. c4 d4 16. exd4 Qxd4 17. Re1 e3 18. fxe3 Qxe3+ 19. Kh1 Rad8 20. Nf1 Rxd1 21. Nxe3 Rxa1 22. Rxa1 Nc6 23. Bf3 Rxe3 24. Kg1 Kf8 0-1

[Event "SLO-chT1 West"]
[Site "Slovenia"]
[Date "2018.10.27"]
[Round "8.6"]
[White "Rici, Jurij"]
[Black "Ivanusa, Blaz"]
[Result "0-1"]
[WhiteElo "1909"]
[BlackElo "2072"]
[PlyCount "96"]
[EventDate "2018.09.28"]
[EventType "team-tourn"]
[EventRounds "9"]
[EventCountry "SLO"]
[SourceTitle "CBM 187 Extra"]
[Source "ChessBase"]
[SourceDate "2018.11.04"]
[SourceVersion "1"]
[SourceVersionDate "2018.11.04"]
[SourceQuality "1"]
[WhiteTeam "Kranj Stari Mayr"]
[BlackTeam "Trebnje BMP"]
[WhiteTeamCountry "SLO"]
[BlackTeamCountry "SLO"]

1. e4 e6 2. d4 d5 3. Nc3 Bb4 4. e5 c5 5. a3 Bxc3+ 6. bxc3 Ne7 7. Nf3 Bd7 8. Be2 Ba4 9. Rb1 Qc7 10. Bb5+ Bxb5 11. Rxb5 a6 12. Rb1 0-0 13. 0-0 b5 14. Bd2 Nd7 15. Nh4 Rac8 16. Rb2 Nb6 17. Ra2 cxd4 18. cxd4 Qc4 19. Qa1 Nc6 20. Nf3 Na4 21. Rd1 Rc7 22. Be1 Rfc8 23. Rd3 Nb8 24. Ba5 Rb7 25. Qb1 Nd7 26. Qb3 Ndb6 27. g3 Qc6 28. Bxb6 Qxb6 29. Kg2 Rbc7 30. Rd2 Rc3 31. Qb1 R8c4 32. Qd1 Qa5 33. Ng1 Rxg3+ 34. hxg3 Nc3 35. Qg4 Nxa2 36. Qg5 h6 37. Qf4 Qxa3 38. Ne2 Nc3 39. Qf3 b4 40. Nf4 Qa5 41. Qg4 Qd8 42. Qf3 a5 43. Nd3 Qg5 44. Nf4 a4 45. Qe3 a3 46. Qe1 Qf5 47. f3 a2 48. Qa1 Nb1 0-1

[Event "SLO-chT1 West"]
[Site "Slovenia"]
[Date "2018.10.14"]
[Round "6.6"]
[White "Rici, Jurij"]
[Black "Ravnik, Franc"]
[Result "0-1"]
[WhiteElo "1909"]
[BlackElo "1887"]
[PlyCount "74"]
[EventDate "2018.09.28"]
[EventType "team-tourn"]
[EventRounds "9"]
[EventCountry "SLO"]
[SourceTitle "CBM 187 Extra"]
[Source "ChessBase"]
[SourceDate "2018.11.04"]
[SourceVersion "1"]
[SourceVersionDate "2018.11.04"]
[SourceQuality "1"]
[WhiteTeam "Kranj Stari Mayr"]
[BlackTeam "Jeenice Sij Acroni"]
[WhiteTeamCountry "SLO"]
[BlackTeamCountry "SLO"]

1. d4 d5 2. e3 Nf6 3. c4 g6 4. Bd3 Bg7 5. Nf3 0-0 6. 0-0 b6 7. Nbd2 Bb7 8. a3 Nbd7 9. Re1 c5 10. cxd5 Nxd5 11. e4 Nf4 12. Bc4 cxd4 13. Nb3 Ne5 14. Nxe5 Bxe5 15. g3 Ne6 16. f4 Bg7 17. f5 Nc5 18. Nxc5 bxc5 19. Bf4 Qb6 20. Rb1 gxf5 21. Bd3 Qc6 22. Rc1 e5 23. Bd2 Rac8 24. b4 fxe4 25. Bxe4 Qd7 26. bxc5 Bxe4 27. Rxe4 Qd5 28. Rh4 e4 29. Rh5 Qe6 30. Bf4 Rfd8 31. Rb1 d3 32. Bd6 Qg6 33. Rd5 Bf8 34. Qh5 Qxh5 35. Rxh5 Bxd6 36. cxd6 Rxd6 37. Re5 d2 0-1